| 000 | 00606nam a2200229Ia 4500 | ||
|---|---|---|---|
| 003 | OSt | ||
| 005 | 20240808090448.0 | ||
| 008 | 210210b1995 xxu||||| |||| 00| 0 eng d | ||
| 020 | _a81 7201 772 3 | ||
| 040 | _cAL | ||
| 041 | _aEnglish | ||
| 082 | _a809.88914 SAHB | ||
| 100 |
_aSAHITYA AKADEMI. _9175609 |
||
| 245 | _aBhabani Bhattacharya: Makers of Indian Literature | ||
| 260 |
_aN D _bSahitya Akademi _c1995 |
||
| 300 | _a94 | ||
| 650 |
_aBhabani Bhattacharya _9175610 |
||
| 690 |
_aIndian Literature _9175611 |
||
| 700 |
_aShantinatha K Desai. _9175612 |
||
| 906 | _a053754 | ||
| 942 |
_2ddc _cBK |
||
| 999 |
_c101834 _d101834 |
||